[Event "IX Open Vallee d'Aoste A"]
[Site "Saint Vincent - Chatillon ITA"]
[Date "2001.02.10"]
[Round "8"]
[White "Socko, Bartosz"]
[Black "Sermek, Drazen"]
[Result "1/2-1/2"]
[WhiteElo "2557"]
[BlackElo "2515"]
[PlyCount "103"]
[EventDate "2001.02.03"]

1. e4 c5 2. Nf3 e6 3. d4 cxd4 4. Nxd4 Nf6 5. Nc3 Nc6 6. Ndb5 d6 7. Bf4 e5 8.
Bg5 a6 9. Na3 b5 10. Nd5 Be7 11. Bxf6 Bxf6 12. c3 Ne7 13. Nxf6+ gxf6 14. g3 Bb7
15. Bg2 f5 16. Qe2 Qb6 17. O-O-O O-O-O 18. f4 Qc6 19. Rhe1 fxe4 20. Bxe4 Qxe4
21. Qxe4 Bxe4 22. Rxe4 f5 23. Ree1 e4 24. Nc2 d5 25. Ne3 Rd6 26. a4 Kd7 27.
axb5 axb5 28. Kd2 Ke6 29. Nc2 Nc6 30. Ke3 b4 31. Ra1 bxc3 32. bxc3 Rb8 33. Reb1
Rxb1 34. Rxb1 Ne7 35. Rb8 Kf6 36. Nb4 Ke6 37. Rb5 Nc6 38. Nc2 Ne7 39. h3 h5 40.
Rb8 Kf7 41. Rh8 Rg6 42. Rh7+ Kf8 43. Kf2 Rc6 44. Nd4 Rxc3 45. Rxh5 Kg7 46.
Nxf5+ Nxf5 47. Rxf5 d4 48. Re5 Rf3+ 49. Kg2 Re3 50. Kf2 Rf3+ 51. Kg2 Re3 52.
Kf2 1/2-1/2

[Event "IX Open Vallee d'Aoste A"]
[Site "Saint Vincent - Chatillon ITA"]
[Date "2001.02.10"]
[Round "8"]
[White "Timoscenko, Gennadij A."]
[Black "Romanishin, Oleg M."]
[Result "1/2-1/2"]
[WhiteElo "2535"]
[BlackElo "2559"]
[PlyCount "109"]
[EventDate "2001.02.03"]

1. d4 Nf6 2. c4 e6 3. Nf3 b6 4. Nc3 Bb7 5. a3 Ne4 6. Nxe4 Bxe4 7. e3 Be7 8. Bd3
Bxd3 9. Qxd3 a5 10. b3 d6 11. O-O O-O 12. e4 Nd7 13. Bb2 c5 14. Rfd1 Qc7 15. a4
Rad8 16. Qe2 Qb7 17. Re1 Bf6 18. Rad1 Rfe8 19. Rd3 Qa8 20. Re3 Be7 21. h3 Nf8
22. Bc3 Qc8 23. Qb2 Bf6 24. Nh2 Ng6 25. Rf3 cxd4 26. Bxd4 Bxd4 27. Qxd4 Qc5 28.
Rd3 Ne5 29. Rdd1 Qxd4 30. Rxd4 Kf8 31. Red1 Ke7 32. f4 Nc6 33. R4d2 Nb4 34. Nf3
Nc6 35. Kf2 Rd7 36. Ke3 Red8 37. Nd4 Nxd4 38. Rxd4 f6 39. f5 Rc8 40. fxe6 Kxe6
41. Rd5 Rc5 42. g4 h6 43. h4 Rd8 44. Kf4 Rd7 45. g5 hxg5+ 46. hxg5 fxg5+ 47.
Kxg5 Rf7 48. Kg4 Rxd5 49. Rxd5 Re7 50. Rb5 Rb7 51. Kf4 Kd7 52. Ke3 Kc6 53. Rg5
Rf7 54. Kd4 Re7 55. Rg6 1/2-1/2

[Event "IX Open Vallee d'Aoste A"]
[Site "Saint Vincent - Chatillon ITA"]
[Date "2001.02.10"]
[Round "8"]
[White "Vezzosi, Paolo"]
[Black "Castaldo, Folco"]
[Result "1-0"]
[WhiteElo "2423"]
[BlackElo "2298"]
[PlyCount "55"]
[EventDate "2001.02.03"]

1. c4 Nf6 2. Nc3 e6 3. Nf3 d5 4. d4 Be7 5. Bg5 O-O 6. e3 h6 7. Bxf6 Bxf6 8.
cxd5 exd5 9. Bd3 c6 10. O-O Bg4 11. h3 Bh5 12. g4 Bg6 13. Bxg6 fxg6 14. Qd3 Qe8
15. e4 dxe4 16. Nxe4 Nd7 17. Rae1 Qf7 18. Re3 Nb6 19. Ne5 Bxe5 20. dxe5 Nd5 21.
Nd6 Qf4 22. Re4 Qg5 23. Qg3 Qd2 24. e6 Rf4 25. Nc4 Qb4 26. Rxf4 Nxf4 27. Qxf4
Rf8 28. Qe4 1-0

[Event "IX Open Vallee d'Aoste A"]
[Site "Saint Vincent - Chatillon ITA"]
[Date "2001.02.11"]
[Round "9"]
[White "Arakhamia-Grant, Ketevan"]
[Black "Palac, Mladen"]
[Result "1/2-1/2"]
[WhiteElo "2427"]
[BlackElo "2590"]
[PlyCount "55"]
[EventDate "2001.02.03"]

1. e4 c5 2. Nf3 d6 3. d4 cxd4 4. Nxd4 Nf6 5. Nc3 a6 6. f4 e5 7. Nf3 Nbd7 8. a4
Be7 9. Bd3 O-O 10. O-O exf4 11. Kh1 Nh5 12. Nd5 Nc5 13. Nd4 Nf6 14. Bxf4 Ncxe4
15. Bxe4 Nxe4 16. Qe2 f5 17. Qc4 Kh8 18. a5 Bd7 19. Nb6 Rb8 20. Ne6 Bxe6 21.
Qxe6 Bg5 22. Nd7 Bxf4 23. Rxf4 Nc5 24. Nxc5 dxc5 25. Rxf5 Rxf5 26. Qxf5 Qc7 27.
h3 h6 28. c3 1/2-1/2

[Event "IX Open Vallee d'Aoste A"]
[Site "Saint Vincent - Chatillon ITA"]
[Date "2001.02.11"]
[Round "9"]
[White "Colovic, Aleksandar"]
[Black "Rytshagov, Mikhail"]
[Result "1/2-1/2"]
[WhiteElo "2421"]
[BlackElo "2525"]
[PlyCount "38"]
[EventDate "2001.02.03"]

1. e4 c5 2. Nf3 d6 3. d4 cxd4 4. Nxd4 Nf6 5. Nc3 Nc6 6. Bg5 e6 7. Qd2 Be7 8.
O-O-O O-O 9. Nb3 Qb6 10. f3 Rd8 11. Be3 Qc7 12. Nb5 Qb8 13. Bd3 d5 14. exd5
Nxd5 15. N5d4 Ncb4 16. Kb1 Nxd3 17. Qxd3 e5 18. Nb5 Be6 19. Bc5 a6 1/2-1/2

[Event "IX Open Vallee d'Aoste A"]
[Site "Saint Vincent - Chatillon ITA"]
[Date "2001.02.11"]
[Round "9"]
[White "Epishin, Vladimir V."]
[Black "Vezzosi, Paolo"]
[Result "1-0"]
[WhiteElo "2578"]
[BlackElo "2423"]
[PlyCount "71"]
[EventDate "2001.02.03"]

1. d4 Nf6 2. c4 e6 3. Nc3 Bb4 4. e3 c5 5. Nge2 b6 6. a3 Ba5 7. Rb1 Na6 8. Bd2
O-O 9. Ng3 Bb7 10. Bd3 d5 11. cxd5 cxd4 12. exd4 Bxc3 13. bxc3 Qxd5 14. f3 e5
15. Bg5 exd4 16. Bxf6 Qe6+ 17. Qe2 Nc5 18. Bxh7+ Kxh7 19. Qxe6 fxe6 20. Bxd4
Nd3+ 21. Kd2 Ba6 22. Ne4 e5 23. Be3 Rfd8 24. Bg5 Rd5 25. Ke3 Ra5 26. Rbd1 Nf4
27. Bxf4 exf4+ 28. Kxf4 Rxa3 29. Rd7 Rf8+ 30. Kg3 Bc8 31. Rc7 Bf5 32. Re1 Bxe4
33. Rxe4 Rf6 34. h4 Ra5 35. Ree7 Rg6+ 36. Kh3 1-0

[Event "IX Open Vallee d'Aoste A"]
[Site "Saint Vincent - Chatillon ITA"]
[Date "2001.02.11"]
[Round "9"]
[White "Fominyh, Alexander"]
[Black "Sermek, Drazen"]
[Result "0-1"]
[WhiteElo "2582"]
[BlackElo "2515"]
[PlyCount "76"]
[EventDate "2001.02.03"]

1. d4 Nf6 2. Nf3 c5 3. d5 b5 4. Bg5 Ne4 5. Bf4 Bb7 6. a4 Qa5+ 7. c3 f5 8. e3 b4
9. Ne5 g6 10. Nc4 Qd8 11. Be2 Bg7 12. Be5 O-O 13. Bxg7 Kxg7 14. cxb4 cxb4 15.
Bf3 d6 16. Bxe4 fxe4 17. Qd4+ Kg8 18. Nbd2 Rf5 19. Qxe4 Bxd5 20. Qg4 Bf7 21.
O-O Nd7 22. e4 Rc5 23. Ne3 Ne5 24. Qe2 Qb6 25. f4 Nc4 26. Ndxc4 Rxc4 27. Qf3
Rd4 28. Rad1 Rc8 29. a5 Qc5 30. h4 Rxd1 31. Rxd1 Qxa5 32. Nd5 Bxd5 33. exd5
Qc5+ 34. Kh2 Rf8 35. h5 Qc4 36. hxg6 hxg6 37. Kg3 g5 38. f5 Qh4# 0-1

[Event "IX Open Vallee d'Aoste A"]
[Site "Saint Vincent - Chatillon ITA"]
[Date "2001.02.11"]
[Round "9"]
[White "Godena, Michele"]
[Black "Masserey, Yvan"]
[Result "1/2-1/2"]
[WhiteElo "2494"]
[BlackElo "2349"]
[PlyCount "49"]
[EventDate "2001.02.03"]

1. e4 e6 2. d4 d5 3. Nd2 Nf6 4. e5 Nfd7 5. Bd3 c5 6. c3 Nc6 7. Ne2 cxd4 8. cxd4
f6 9. exf6 Nxf6 10. Nf3 Bd6 11. O-O Qc7 12. g3 O-O 13. Bf4 Ng4 14. Qc1 e5 15.
dxe5 Ngxe5 16. Nxe5 Bxe5 17. Bxe5 Qxe5 18. f4 Qe7 19. Re1 Bh3 20. Nd4 Qb4 21.
Nxc6 bxc6 22. Qc2 Qd4+ 23. Kh1 h6 24. Rad1 Qf6 25. Bf1 1/2-1/2

[Event "IX Open Vallee d'Aoste A"]
[Site "Saint Vincent - Chatillon ITA"]
[Date "2001.02.11"]
[Round "9"]
[White "Lalic, Bogdan"]
[Black "Peralta, Fernando"]
[Result "1-0"]
[WhiteElo "2536"]
[BlackElo "2408"]
[PlyCount "81"]
[EventDate "2001.02.03"]

1. c4 f5 2. d4 e6 3. g3 Nf6 4. Bg2 c6 5. Qc2 d5 6. Nh3 Bd6 7. O-O O-O 8. Nf4
Qe7 9. Nd2 b6 10. Nf3 Ne4 11. Nd3 Bb7 12. Bf4 Bxf4 13. Nxf4 Nd7 14. Rfc1 Rac8
15. Qa4 a5 16. cxd5 cxd5 17. e3 Ba6 18. h4 Qd6 19. Bf1 Bxf1 20. Kxf1 Kf7 21.
Kg2 Kg8 22. Qb5 Ndf6 23. Ne5 g5 24. hxg5 Nxg5 25. Rc6 Rxc6 26. Nxc6 Nd7 27. Rc1
Ra8 28. Qe2 Kg7 29. Ne5 Nxe5 30. dxe5 Qxe5 31. Qh5 Nf7 32. Rc7 Qf6 33. Qe2 Kg8
34. Qb5 e5 35. Nxd5 Qe6 36. Qc6 Qxc6 37. Rxc6 Kf8 38. Nxb6 Rd8 39. Nc4 Rd5 40.
Ra6 Rc5 41. b3 1-0

[Event "IX Open Vallee d'Aoste A"]
[Site "Saint Vincent - Chatillon ITA"]
[Date "2001.02.11"]
[Round "9"]
[White "Lputian, Smbat G."]
[Black "Nevednichy, Vladislav"]
[Result "1-0"]
[WhiteElo "2607"]
[BlackElo "2563"]
[PlyCount "93"]
[EventDate "2001.02.03"]

1. d4 Nf6 2. c4 d6 3. Nf3 g6 4. Nc3 Bg7 5. g3 O-O 6. Bg2 Nc6 7. O-O Rb8 8. d5
Na5 9. Nd2 c5 10. Rb1 a6 11. b3 b5 12. Bb2 bxc4 13. bxc4 Bh6 14. Ba1 Rb4 15.
Rxb4 cxb4 16. Nce4 Bf5 17. Nxf6+ exf6 18. Nb3 Nxc4 19. Qd4 Na3 20. Qxb4 Nc2 21.
Qa4 Nxa1 22. Rxa1 Qb6 23. Qc6 Rb8 24. e3 Bd3 25. Rc1 Qb4 26. Bf1 Bxf1 27. Kxf1
Qa3 28. Qc7 Re8 29. Qa5 Qb2 30. Qd2 Qe5 31. Rc6 Qe4 32. Kg1 f5 33. Rxd6 f4 34.
gxf4 Qf5 35. Nd4 Qg4+ 36. Kh1 Bg7 37. Qe2 Qh3 38. Nb3 Bh6 39. Qd1 Qf5 40. Rxa6
Qe4+ 41. Kg1 Bxf4 42. exf4 Qxf4 43. Rc6 Qg5+ 44. Kf1 h5 45. Qf3 Qe5 46. h4 g5
47. Qe3 1-0

[Event "IX Open Vallee d'Aoste A"]
[Site "Saint Vincent - Chatillon ITA"]
[Date "2001.02.11"]
[Round "9"]
[White "Paragua, Mark"]
[Black "Drabke, Lorenz Maximilian"]
[Result "0-1"]
[WhiteElo "2432"]
[BlackElo "2286"]
[PlyCount "220"]
[EventDate "2001.02.03"]

1. e4 c5 2. Nf3 Nc6 3. Nc3 e6 4. Bb5 Nd4 5. Bc4 Nf6 6. O-O a6 7. e5 d5 8. exf6
dxc4 9. fxg7 Bxg7 10. d3 cxd3 11. cxd3 O-O 12. Nxd4 cxd4 13. Ne4 Bd7 14. Ng3
Kh8 15. Nh5 Rg8 16. Qf3 Be5 17. Bf4 Bxf4 18. Qxf4 Qg5 19. Qf6+ Qxf6 20. Nxf6
Rgd8 21. f4 Bb5 22. Rf3 Kg7 23. Ne4 Rac8 24. Raf1 Rc2 25. f5 exf5 26. Rg3+ Kf8
27. Rxf5 Rxb2 28. Rgf3 Rd7 29. Ng5 Bc6 30. Nxh7+ Ke7 31. Rf2 Rxf2 32. Rxf2 Bb5
33. Rf3 Rd5 34. g4 Rc5 35. Nf6 Rc1+ 36. Kf2 Bc6 37. Rf4 Rc2+ 38. Kg3 Rg2+ 39.
Kh3 Rd2 40. Ng8+ Kf8 41. Nh6 Rxd3+ 42. Kh4 Bd5 43. a4 Rd2 44. Nf5 Rxh2+ 45. Kg5
Rd2 46. Nxd4 Ke7 47. Nf5+ Ke6 48. Nh6 Ke7 49. Nf5+ Kd7 50. Kf6 b5 51. axb5 axb5
52. g5 Rd3 53. Nh6 Ke8 54. Nf5 Kd7 55. Nh6 Ke8 56. Ke5 Bc4 57. Nf5 Kd7 58. Kf6
Rd5 59. Ne3 Rd6+ 60. Ke5 Be6 61. Nc2 Ke7 62. Ne3 Rd3 63. Re4 Rc3 64. Kd4 Rc8
65. Re5 Rb8 66. Nd5+ Kd6 67. Nb4 Bc4 68. Rf5 Rh8 69. g6 Rh4+ 70. Kc3 fxg6 71.
Rg5 Rh3+ 72. Kd4 Rh4+ 73. Kc3 Rh6 74. Nc2 Ke6 75. Nd4+ Kf6 76. Rc5 Rh5 77. Rc6+
Kg5 78. Kd2 Kh6 79. Ke3 Rd5 80. Ke4 Rd8 81. Rb6 Rd5 82. Rc6 Rg5 83. Rc8 Kh5 84.
Kf4 Rg4+ 85. Ke3 Kh6 86. Rh8+ Kg7 87. Rc8 Rg1 88. Rc5 Rb1 89. Kd2 Kh6 90. Kc2
Re1 91. Rc6 Re5 92. Kd2 Kh5 93. Nf3 Re2+ 94. Kd1 Re6 95. Rc5+ Kh6 96. Ne5 Rd6+
97. Ke1 Rd5 98. Nf7+ Kh5 99. Rc8 g5 100. Rc6 Kg4 101. Nd6 Rd4 102. Nb7 Bd5 103.
Rb6 Bxb7 104. Rxb7 b4 105. Kf2 Kf4 106. Rf7+ Ke4 107. Ke2 g4 108. Rg7 Kf4 109.
Rf7+ Kg3 110. Ke3 Rc4 0-1

[Event "IX Open Vallee d'Aoste A"]
[Site "Saint Vincent - Chatillon ITA"]
[Date "2001.02.11"]
[Round "9"]
[White "Skripchenko Lautier, Almira"]
[Black "Timoscenko, Gennadij A."]
[Result "1/2-1/2"]
[WhiteElo "2453"]
[BlackElo "2535"]
[PlyCount "37"]
[EventDate "2001.02.03"]

1. e4 e5 2. Nf3 Nc6 3. d4 exd4 4. Nxd4 Bc5 5. Nxc6 Qf6 6. Qd2 bxc6 7. Bd3 Ne7
8. O-O O-O 9. Nc3 d5 10. Qf4 Qxf4 11. Bxf4 Bb6 12. Rfe1 Be6 13. Na4 Rfe8 14. b3
Ng6 15. Be3 dxe4 16. Bxe4 Bd5 17. Bxg6 hxg6 18. Bc5 f6 19. f3 1/2-1/2

[Event "IX Open Vallee d'Aoste A"]
[Site "Saint Vincent - Chatillon ITA"]
[Date "2001.02.11"]
[Round "9"]
[White "Volzhin, Alexander"]
[Black "Flores, Diego"]
[Result "1-0"]
[WhiteElo "2542"]
[BlackElo "2359"]
[PlyCount "95"]
[EventDate "2001.02.03"]

1. e4 e5 2. Nf3 Nc6 3. Bb5 a6 4. Ba4 Nf6 5. O-O Be7 6. Re1 b5 7. Bb3 d6 8. c3
O-O 9. h3 Na5 10. Bc2 c5 11. d4 Qc7 12. Nbd2 cxd4 13. cxd4 Nc6 14. Nb3 a5 15.
Be3 a4 16. Nbd2 Nb4 17. Bb1 Bd7 18. a3 Nc6 19. Bd3 Na5 20. Qe2 Qb8 21. Rec1 Re8
22. Rab1 exd4 23. Nxd4 b4 24. Bb5 b3 25. Bxd7 Nxd7 26. Nb5 Bd8 27. Nc3 Nb7 28.
Nxa4 Rxa4 29. Qb5 Bb6 30. Qxd7 Bxe3 31. Rc7 Bh6 32. Rxb7 Qa8 33. Qxf7+ Kh8 34.
Nf3 Raxe4 35. Qxb3 Rf8 36. Rd1 Ree8 37. Rxd6 Qa5 38. Rd1 Qh5 39. Qd5 Rf5 40.
Qd7 Rff8 41. Rb5 Qg6 42. Ne5 Qh5 43. Qg4 Qxe5 44. Rxe5 Rxe5 45. b4 Ree8 46. a4
Ra8 47. a5 Rfb8 48. Rd7 1-0

[Event "X Weekend A"]
[Site "Ceriano Laghetto ITA"]
[Date "2001.01.27"]
[Round "1"]
[White "Bianchi, Alberto"]
[Black "Cazzaniga, Walter"]
[Result "1/2-1/2"]
[WhiteElo "2046"]
[BlackElo "2174"]
[PlyCount "66"]
[EventDate "2001.01.27"]

1. e4 c5 2. Nc3 Nc6 3. g3 g6 4. Bg2 Bg7 5. d3 e6 6. Nge2 Nge7 7. Be3 d6 8. Qd2
Nd4 9. O-O O-O 10. Nd1 Rb8 11. c3 Nxe2+ 12. Qxe2 Nc6 13. Qd2 b5 14. Bh6 b4 15.
Bxg7 Kxg7 16. c4 Nd4 17. b3 Bb7 18. Ne3 f5 19. f4 a5 20. Nc2 Qf6 21. Nxd4 Qxd4+
22. Qf2 a4 23. Rfe1 Ra8 24. Qxd4+ cxd4 25. bxa4 Rxa4 26. Rab1 Bc6 27. Rb2 Rb8
28. exf5 Bxg2 29. Kxg2 exf5 30. Re7+ Kg8 31. Rd7 Ra6 32. Re2 Rba8 33. Ree7
Rxa2+ 1/2-1/2

[Event "X Weekend A"]
[Site "Ceriano Laghetto ITA"]
[Date "2001.01.27"]
[Round "1"]
[White "Candura, Stefano"]
[Black "Bisignano, Giuseppe"]
[Result "1-0"]
[WhiteElo "2093"]
[BlackElo "1827"]
[PlyCount "51"]
[EventDate "2001.01.27"]

1. d4 d5 2. c4 e6 3. Nc3 Nf6 4. cxd5 exd5 5. Bg5 Be7 6. e3 Nbd7 7. Bd3 O-O 8.
Nf3 h6 9. Bh4 c6 10. Qc2 Re8 11. O-O Ne4 12. Bxe7 Qxe7 13. Rab1 f5 14. b4 Ndf6
15. b5 Qd6 16. bxc6 bxc6 17. Ne5 Ng4 18. Nxg4 Nxc3 19. Nxh6+ Qxh6 20. Qxc3 f4
21. exf4 Qxf4 22. Qxc6 Be6 23. Bg6 Rac8 24. Qa6 Re7 25. Rb7 Bd7 26. Rxd7 1-0

[Event "X Weekend A"]
[Site "Ceriano Laghetto ITA"]
[Date "2001.01.27"]
[Round "1"]
[White "Chilingirova, Pavlina"]
[Black "Lapiccirella, Daniele"]
[Result "1/2-1/2"]
[WhiteElo "2236"]
[BlackElo "2072"]
[PlyCount "154"]
[EventDate "2001.01.27"]

1. c4 c6 2. Nf3 d5 3. b3 Nf6 4. Bb2 Bg4 5. Ne5 Bh5 6. g3 e6 7. Bg2 Bd6 8. O-O
O-O 9. d3 Nbd7 10. Nxd7 Nxd7 11. Nc3 f5 12. Qd2 Nf6 13. e3 Qe7 14. a3 a5 15.
cxd5 exd5 16. Ne2 Bxe2 17. Qxe2 Be5 18. Bxe5 Qxe5 19. d4 Qe7 20. Qd3 Ne4 21.
Rfc1 Nd6 22. Bf1 Rfc8 23. Qd2 a4 24. b4 b5 25. Bd3 g6 26. Qe2 Qe6 27. Rc3 Ra7
28. Rac1 Rac7 29. f3 Kg7 30. Kf2 Qe8 31. h4 h5 32. Qc2 Kh6 33. Re1 Re7 34. Qc1
Kg7 35. Rc2 Qd7 36. Kg2 Kh7 37. Rce2 Rce8 38. Qc5 Kh6 39. Bb1 Kh7 40. Qc2 Kh6
41. Qc1 Kg7 42. Bd3 Kh7 43. Kf2 Kg7 44. Rc2 Rc8 45. Rg1 Rf7 46. Kg2 Re7 47. Kh2
Nc4 48. e4 dxe4 49. fxe4 fxe4 50. Bxc4 bxc4 51. Rxc4 Rf8 52. Rxc6 Qxd4 53. Qg5
Rf6 54. Rxf6 Qxf6 55. Qxf6+ Kxf6 56. Rb1 Re5 57. Kg2 Rb5 58. Rc1 Rd5 59. Rc6+
Kf5 60. Ra6 Rd2+ 61. Kf1 Kg4 62. Rxa4 Kf3 63. Ke1 Ra2 64. Ra6 e3 65. Rf6+ Kxg3
66. Rxg6+ Kf3 67. Rf6+ Kg3 68. b5 Rxa3 69. Ke2 Kxh4 70. Rf4+ Kg3 71. Rb4 h4 72.
b6 Ra8 73. Kxe3 h3 74. b7 Rb8 75. Rb6 h2 76. Rg6+ Kh3 77. Rh6+ Kg3 1/2-1/2

[Event "X Weekend A"]
[Site "Ceriano Laghetto ITA"]
[Date "2001.01.27"]
[Round "1"]
[White "Lapiccirella, Mattia"]
[Black "Provera, Emanuele"]
[Result "1/2-1/2"]
[WhiteElo "2150"]
[BlackElo "2218"]
[PlyCount "49"]
[EventDate "2001.01.27"]

1. d4 Nf6 2. c4 e6 3. Nf3 b6 4. g3 Bb7 5. Bg2 Be7 6. O-O O-O 7. Nc3 Ne4 8. Bd2
d5 9. cxd5 exd5 10. Rc1 Nd7 11. Bf4 Nxc3 12. Rxc3 c5 13. Qc1 Re8 14. Rd1 Bf6
15. Rc2 c4 16. Ne5 Bxe5 17. dxe5 Nxe5 18. Bxe5 Rxe5 19. Rxc4 Rxe2 20. Rc7 Rc8
21. Rxc8 Qxc8 22. Qxc8+ Bxc8 23. Bxd5 h6 24. Bc4 Re8 25. Bb5 1/2-1/2

[Event "X Weekend A"]
[Site "Ceriano Laghetto ITA"]
[Date "2001.01.27"]
[Round "1"]
[White "Miatello, Alberto"]
[Black "Manzoni, Alessandro"]
[Result "0-1"]
[WhiteElo "1869"]
[BlackElo "2091"]
[PlyCount "72"]
[EventDate "2001.01.27"]

1. e4 e5 2. Nf3 Nc6 3. Be2 g6 4. d4 exd4 5. Nxd4 Nxd4 6. Qxd4 Qf6 7. e5 Qb6 8.
Qxb6 axb6 9. Nc3 c6 10. O-O f6 11. exf6 Nxf6 12. Re1 Kf7 13. Be3 Bc5 14. Bxc5
bxc5 15. b3 b5 16. a4 b4 17. Nd1 d5 18. Nb2 Bf5 19. Bd3 Ne4 20. f3 Nd6 21. Re2
Rhe8 22. Rae1 Rxe2 23. Rxe2 Be6 24. Re1 c4 25. Be2 c5 26. f4 cxb3 27. cxb3 c4
28. Rc1 Rc8 29. Bf3 Nf5 30. Bg4 Nd4 31. Bxe6+ Kxe6 32. Re1+ Kd6 33. bxc4 dxc4
34. Rd1 Kc5 35. Nxc4 Ne2+ 36. Kf2 Nc3 0-1

[Event "X Weekend A"]
[Site "Ceriano Laghetto ITA"]
[Date "2001.01.27"]
[Round "1"]
[White "Rosin, Federico"]
[Black "Troiani, Mauro"]
[Result "1/2-1/2"]
[WhiteElo "2163"]
[BlackElo "2030"]
[PlyCount "77"]
[EventDate "2001.01.27"]

1. e4 c5 2. Nf3 d6 3. Bb5+ Bd7 4. a4 Nc6 5. O-O Nf6 6. Qe2 e5 7. c3 Be7 8. d3
O-O 9. Nbd2 a6 10. Bc4 Rb8 11. Rd1 b5 12. axb5 axb5 13. Bb3 Qb6 14. Nf1 b4 15.
Bc2 Ra8 16. Bg5 Be6 17. Ne3 bxc3 18. bxc3 Qb2 19. Qe1 Rxa1 20. Rxa1 Ng4 21. Rb1
Qa2 22. Qd1 Nxe3 23. Bxe3 h6 24. h3 Ra8 25. d4 exd4 26. cxd4 Nb4 27. Bb3 Bxb3
28. Qxb3 Qxb3 29. Rxb3 Nc2 30. dxc5 dxc5 31. Bf4 Ra4 32. Nd2 Nd4 33. Rb8+ Kh7
34. Rb7 Bf6 35. Bd6 c4 36. Nb1 Ne2+ 37. Kf1 c3 38. Kxe2 c2 39. Kd2 1/2-1/2

[Event "X Weekend A"]
[Site "Ceriano Laghetto ITA"]
[Date "2001.01.27"]
[Round "1"]
[White "Rossi, Giampiero"]
[Black "Barlocco, Carlo"]
[Result "1/2-1/2"]
[WhiteElo "2174"]
[BlackElo "2159"]
[PlyCount "75"]
[EventDate "2001.01.27"]

1. d4 d5 2. c4 e6 3. Nc3 c5 4. cxd5 exd5 5. Nf3 Nc6 6. e3 Nf6 7. Be2 Ne4 8. O-O
Nxc3 9. bxc3 Bf5 10. Qa4 cxd4 11. cxd4 Bd6 12. Ba3 O-O 13. Rac1 Bxa3 14. Qxa3
Qb6 15. Rc5 Rfd8 16. Rfc1 Rac8 17. Qb3 Qxb3 18. axb3 Na5 19. Rxc8 Rxc8 20.
Rxc8+ Bxc8 21. Nd2 Kf8 22. Bd3 Ke7 23. Kf1 Nc6 24. Ke2 Nb4 25. Bb1 b6 26. Nf3
a5 27. Kd2 h6 28. Ne5 g5 29. Nd3 Nxd3 30. Bxd3 Kf6 31. Kc3 Bd7 32. f3 b5 33. b4
a4 34. g3 Ke6 35. f4 Kf6 36. Kb2 h5 37. h4 g4 38. Ka3 1/2-1/2

[Event "X Weekend A"]
[Site "Ceriano Laghetto ITA"]
[Date "2001.01.27"]
[Round "1"]
[White "Tramalloni, Luca"]
[Black "Qendro, Llambi"]
[Result "0-1"]
[WhiteElo "2064"]
[BlackElo "2347"]
[PlyCount "112"]
[EventDate "2001.01.27"]

1. d4 g6 2. e4 Bg7 3. Nc3 c6 4. Be3 d5 5. f3 Qb6 6. Rb1 dxe4 7. fxe4 Nf6 8. Nf3
O-O 9. Bc4 Qb4 10. Bd3 Ng4 11. Bg1 e5 12. a3 Qe7 13. d5 Rd8 14. Qe2 Nd7 15. h3
Ngf6 16. dxc6 bxc6 17. Be3 Nc5 18. Rd1 Nh5 19. Qf2 Nxd3+ 20. Rxd3 Rxd3 21. cxd3
Ba6 22. O-O Bxd3 23. Rd1 Bc4 24. Bc5 Qb7 25. Kh2 Bb3 26. Rd2 Bh6 27. Be3 Bg7
28. Bc5 Nf4 29. g3 Ne6 30. Be3 a6 31. Bb6 Rb8 32. Ba5 Nd4 33. Nxd4 exd4 34.
Rxd4 Bxd4 35. Qxd4 Qe7 36. Bb4 Rd8 37. Nd5 Rxd5 38. exd5 Qe2+ 39. Kg1 Bxd5 40.
Qf2 Qe4 41. Kf1 Qh1+ 42. Ke2 Qxh3 43. Qf4 h5 44. Qb8+ Kh7 45. Bc3 Qg2+ 46. Ke1
Qg1+ 47. Kd2 Qf2+ 48. Kd3 Qf3+ 49. Kd2 g5 50. Qe5 Kg6 51. Bd4 f6 52. Qe7 h4 53.
gxh4 gxh4 54. Qe1 h3 55. Qg1+ Kf5 56. Qg7 Qf4+ 0-1

[Event "X Weekend A"]
[Site "Ceriano Laghetto ITA"]
[Date "2001.01.27"]
[Round "1"]
[White "Zacco, Remo"]
[Black "Barberi, Alessandro"]
[Result "1/2-1/2"]
[WhiteElo "1806"]
[BlackElo "2098"]
[PlyCount "62"]
[EventDate "2001.01.27"]

1. e4 c5 2. Nf3 d6 3. c3 Nf6 4. Be2 g6 5. O-O Bg7 6. Re1 O-O 7. Bf1 Nc6 8. h3
Ne8 9. d4 cxd4 10. cxd4 Qb6 11. e5 dxe5 12. dxe5 Be6 13. Nc3 Nc7 14. Na4 Qa5
15. Bd2 Qd5 16. Nc3 Qd7 17. Bf4 Nd5 18. Nxd5 Bxd5 19. Bc4 Rad8 20. Bxd5 Qxd5
21. Qa4 Nd4 22. Nxd4 Qxd4 23. Qxd4 Rxd4 24. Be3 Rd5 25. f4 f6 26. exf6 Bxf6 27.
Rab1 Rfd8 28. b3 Kf7 29. Re2 Rd1+ 30. Rxd1 Rxd1+ 31. Kf2 a6 1/2-1/2

[Event "X Weekend A"]
[Site "Ceriano Laghetto ITA"]
[Date "2001.01.28"]
[Round "2"]
[White "Barberi, Alessandro"]
[Black "Bianchi, Alberto"]
[Result "1-0"]
[WhiteElo "2098"]
[BlackElo "2046"]
[PlyCount "98"]
[EventDate "2001.01.27"]

1. d4 Nf6 2. c4 g6 3. Nc3 Bg7 4. e4 O-O 5. g3 d6 6. Bg2 c6 7. Nge2 e5 8. O-O
Nbd7 9. h3 Re8 10. Be3 Nf8 11. Qd2 Be6 12. b3 Qc8 13. Kh2 h5 14. f4 N6h7 15. d5
cxd5 16. cxd5 Bd7 17. Rac1 Qd8 18. f5 g5 19. Nb1 Bb5 20. Bf3 g4 21. hxg4 hxg4
22. Bxg4 Nf6 23. Bf3 N8h7 24. Kg2 Nd7 25. Rh1 Bf6 26. Rh5 Bxe2 27. Bxe2 Bg7 28.
Rch1 Nhf6 29. R5h4 Qc7 30. Bh6 Kf8 31. Bxg7+ Ke7 32. Rc1 Qb6 33. Na3 Rg8 34.
Nc4 Qd8 35. Bh6 b5 36. Nxd6 Qb6 37. Rc6 Qd4 38. Qxd4 exd4 39. Nxb5 Ne5 40. d6+
Kd8 41. Rc7 d3 42. Bd1 a6 43. Nd4 Rc8 44. Bf4 Nfd7 45. Ne6+ fxe6 46. fxe6 Rxc7
47. dxc7+ Kc8 48. exd7+ Nxd7 49. Bg4 d2 1-0

[Event "X Weekend A"]
[Site "Ceriano Laghetto ITA"]
[Date "2001.01.28"]
[Round "2"]
[White "Barlocco, Carlo"]
[Black "Zacco, Remo"]
[Result "1-0"]
[WhiteElo "2159"]
[BlackElo "1806"]
[PlyCount "132"]
[EventDate "2001.01.27"]

1. d4 f5 2. Bg5 c6 3. e3 Qb6 4. Qc1 g6 5. c4 d6 6. Nc3 Bg7 7. d5 Nf6 8. Bxf6
Bxf6 9. Bd3 Nd7 10. Qc2 Ne5 11. O-O-O Bd7 12. Nf3 Qb4 13. Qb3 a5 14. Nd4 O-O
15. Nc2 Qxb3 16. axb3 Nxd3+ 17. Rxd3 b5 18. Nd4 Bxd4 19. Rxd4 c5 20. Rdd1 bxc4
21. bxc4 a4 22. Kc2 a3 23. bxa3 Rxa3 24. Rb1 Ra7 25. Rb6 Rfa8 26. Rhb1 Kf7 27.
Rb7 Kf6 28. R1b6 Kf7 29. Kd3 Kf6 30. h4 h5 31. Ke2 Be8 32. Kf3 Bd7 33. Kf4 Bc8
34. Rxa7 Rxa7 35. e4 fxe4 36. Nxe4+ Kg7 37. Rb8 Bf5 38. Nd2 Ra2 39. Ke3 Rc2 40.
Rb3 Kf6 41. Ra3 Rc1 42. Ke2 Rh1 43. g3 Bg4+ 44. f3 Bf5 45. Nf1 Bh3 46. Ne3 Rc1
47. g4 Ke5 48. Ra8 hxg4 49. fxg4 Rb1 50. Re8 Kf4 51. Rxe7 Rb2+ 52. Kd3 Rb3+ 53.
Kd2 Bxg4 54. Nxg4 Kxg4 55. Re6 Rb6 56. Rxg6+ Kxh4 57. Kd3 Kh5 58. Rg1 Rb3+ 59.
Ke4 Rb4 60. Kf5 Kh4 61. Ke6 Rxc4 62. Kxd6 Rc2 63. Kc7 c4 64. d6 Rd2 65. Rc1 Rd4
66. d7 Kg5 1-0

[Event "X Weekend A"]
[Site "Ceriano Laghetto ITA"]
[Date "2001.01.28"]
[Round "2"]
[White "Bisignano, Giuseppe"]
[Black "Miatello, Alberto"]
[Result "1-0"]
[WhiteElo "1827"]
[BlackElo "1869"]
[PlyCount "77"]
[EventDate "2001.01.27"]

1. e4 c5 2. Nf3 e6 3. d4 cxd4 4. Nxd4 Nc6 5. Nb5 d6 6. Bf4 e5 7. Be3 a6 8. N5a3
Nf6 9. Nc3 b5 10. Nd5 Nxd5 11. exd5 Ne7 12. c4 b4 13. Qa4+ Bd7 14. Qxb4 Nf5 15.
Nc2 a5 16. Qa3 Nxe3 17. Nxe3 Be7 18. Be2 O-O 19. O-O f5 20. c5 dxc5 21. Nc4 Qc7
22. Rfd1 Bf6 23. Rac1 Rfc8 24. Qg3 e4 25. d6 Qb7 26. Ne5 Be6 27. d7 Rd8 28.
Rxc5 Qxb2 29. Bc4 Bxc4 30. Nxc4 Qb4 31. Rc7 Qb8 32. Qd6 Ra6 33. Qd5+ Kh8 34.
Nd6 h6 35. Rc8 Rxd6 36. Rxb8 Rxd5 37. Rxd8+ Bxd8 38. Rxd5 Kg8 39. Rxf5 1-0

[Event "X Weekend A"]
[Site "Ceriano Laghetto ITA"]
[Date "2001.01.28"]
[Round "2"]
[White "Cazzaniga, Walter"]
[Black "Rossi, Giampiero"]
[Result "1-0"]
[WhiteElo "2174"]
[BlackElo "2174"]
[PlyCount "51"]
[EventDate "2001.01.27"]

1. d4 d5 2. Nf3 c6 3. c4 e6 4. Nc3 Nf6 5. e3 Nbd7 6. Bd3 Be7 7. O-O O-O 8. Qe2
Qc7 9. e4 dxe4 10. Nxe4 Nxe4 11. Qxe4 Nf6 12. Qe2 b6 13. Bg5 Bb7 14. Rfe1 Rfe8
15. Rad1 h6 16. Bh4 Nh5 17. Qe4 Bxh4 18. Qh7+ Kf8 19. Nxh4 Ke7 20. d5 cxd5 21.
cxd5 Bxd5 22. Bb5 Rh8 23. Qf5 Nf6 24. Rxd5 Nxd5 25. Ng6+ fxg6 26. Rxe6+ 1-0